|
|
|
|
| LEADER |
00000nam0a2200000 4500 |
| 001 |
269952 |
| 005 |
20231101234313.0 |
| 035 |
|
|
|a (RuTPU)RU\TPU\book\293132
|
| 090 |
|
|
|a 269952
|
| 100 |
|
|
|a 20140923d1987 m y0rusy50 ca
|
| 101 |
0 |
|
|a rus
|
| 102 |
|
|
|a RU
|
| 105 |
|
|
|a a j 001zy
|
| 200 |
1 |
|
|a Электрохимические методы анализа
|e учебное пособие
|f Э. В. Богданов, Н. Н. Борцов, О. Ф. Шартуков
|g Ленинградский технологический институт им. Ленсовета (ЛТИ)
|
| 210 |
|
|
|a Ленинград
|c Изд-во ЛТИ
|d 1987
|
| 215 |
|
|
|a 94 с.
|c ил.
|
| 320 |
|
|
|a Библиогр.: с. 91
|
| 606 |
1 |
|
|a Электрохимический анализ
|2 stltpush
|3 (RuTPU)RU\TPU\subj\21012
|9 46064
|
| 610 |
1 |
|
|a понятия
|
| 610 |
1 |
|
|a определения
|
| 610 |
1 |
|
|a потенциометрический анализ
|
| 610 |
1 |
|
|a электроды
|
| 610 |
1 |
|
|a кулонометрический анализ
|
| 610 |
1 |
|
|a полярографический анализ
|
| 610 |
1 |
|
|a амперометрическое титрование
|
| 610 |
1 |
|
|a учебные пособия
|
| 675 |
|
|
|a 543.55(075.8)
|v 4
|
| 700 |
|
1 |
|a Богданов
|b Э. В.
|g Эрнест Владимирович
|
| 701 |
|
1 |
|a Борцов
|b Н. Н.
|g Николай Николаевич
|
| 701 |
|
1 |
|a Шартуков
|b О. Ф.
|g Олег Федорович
|
| 712 |
0 |
2 |
|a Ленинградский технологический институт им. Ленсовета (ЛТИ)
|2 stltpush
|3 (RuTPU)RU\TPU\col\1462
|
| 801 |
|
1 |
|a RU
|b 63413507
|c 20140923
|
| 801 |
|
2 |
|a RU
|b 63413507
|c 20170303
|g RCR
|
| 942 |
|
|
|c BK
|